| 000 | 00816nam a2200253Ia 4500 | ||
|---|---|---|---|
| 003 | OSt | ||
| 005 | 20220923214954.0 | ||
| 006 | a|||||r|||| 00| 0 | ||
| 007 | ta | ||
| 008 | 220922b |||||||| |||| 00| 0 hin d | ||
| 024 | _a174,384 | ||
| 037 | _cTextual | ||
| 040 |
_aARTS _cARTS _bhin |
||
| 041 |
_2hin _ahin |
||
| 082 | _aO152:g, L3 | ||
| 100 |
_aमिश्र, श्रीधर _9156318 |
||
| 245 | 0 | _aसाहित्य की नयी दिशाएं | |
| 246 | _aSāhitya kī nayī dishāean | ||
| 260 |
_aइलाहाबाद _b राजीव प्रकाशन _c1973 |
||
| 300 |
_a160पृ. _ccm. |
||
| 650 |
_aहिन्दी साहित्य _9156264 |
||
| 942 |
_hO152:g, L3 _cTEXL _2CC |
||
| 999 |
_c328155 _d328155 |
||